| 000 | 00599nam a22001817a 4500 | ||
|---|---|---|---|
| 999 |
_c17299 _d17299 |
||
| 008 | 181018b xxu||||| |||| 00| 0 eng d | ||
| 020 | _a9966718836 | ||
| 040 |
_aKABU _cKABU |
||
| 050 |
_aP91.3 _b.M35 2014 c. 1 |
||
| 100 | _aMaina, Samual Mwituria | ||
| 245 |
_aCommunication skills _bedition for university and college students _cSamuel Mwituria Maina |
||
| 260 |
_aNairobi, Kenya _bThe Mwituria Publishers _c2014 |
||
| 300 | _axx, 277 p. | ||
| 650 |
_aCommunication _vStudy and teaching (Higher) |
||
| 700 | _aNderitu, Monica (ed.) | ||
| 700 | _aZangi, Benson | ||
| 942 |
_2lcc _cBK _hP91.3 |
||